000 00708cam a22002538a 4500
008
020 _a0471547360 (pbk.)
050 0 0 _aT385 WEI
100 1 _aWeiskamp, Keith.
245 1 0 _aPower graphics using Turbo Pascal 6 /
_cKeith Weiskamp, Loren Heiny.
260 _aNew York :
_bWiley,
_cc1991.
300 _axv, 381 p. :
_bill. ;
_c24 cm.
504 _aIncludes bibliographical references
500 _aIncludes index
650 0 _aComputer graphics.
630 0 0 _aTurbo Pascal
700 1 _aHeiny, Loren.
907 _a.b1022600x
_b23-01-07
_c23-01-07
003
005 20230123134338.0
040 _cNUST
049 _aMAIN
942 _cBOOKS
999 _c164297
_d164297